00634nam a22002057a 450000500170000001000130001702000220003003500130005203700160006504000120008108200150009310000210010824500960012926000360022527000420026130000320030350000200033565000430035565000300039820170124110119.0 aA-782105 c00.00a8125004858 aA-782105 bCen Lib/Ret aDPLbEN a954.5bSHA aShanti Sadiq Ali aThe African dispersal in the Deccan :cby Shanti Sadiq Alibfrom medieval to modern times / aNew DelhibOrient Longmanc1995 bNew Delhia1/24 Asaf Ali Roade110002 axiv,260p. :c21cm(Hb)bill. aIncludes index  aAfricans -- India -- Deccan -- History aDeccan (India) -- History